Dobrý obchod /

Hlavní autor: Kirk, Risa
Další autoři: Máchová, Jarmila
Jazyk: Čeština
Vydáno: Praha : Harlequin, 1993
Edice: Superromance
Fyzický popis: 252 s.
Knihy
Uloženo v:
LEADER 00806nam a2200277 a 4500
001 000002499
003 CZ BrMZK
005 20220202143347.0
007 ta
008 930915s1993 xr f cze d
015 |a cnb000079206 
020 |a 80-85631-98-9  |c 59.90 
040 |a BOA001  |b cze 
080 |a 82-312.5=850  |2 MRF 
100 1 |a Kirk, Risa 
245 1 0 |a Dobrý obchod /  |c Risa Kirková ; Přel. Jarmila Máchová 
260 |a Praha :  |b Harlequin,  |c 1993 
300 |a 252 s. 
490 1 |a Superromance ;  |v 4 (X 09/93) 
700 1 |a Máchová, Jarmila  |7 jx20050701054 
765 0 |t Send No Regrets 
830 0 |a Superromance 
910 |a BOA001  |b 1-0992.740 
962 |a 82-31 
990 |a BK 
996 6 |b 2610002580  |c 1-0992.740  |l MZK  |r Sklad / do 1 hodiny  |n 17  |p p.v.  |w 000002499  |u 000010  |a 1  |e BOA001  |j MZK50  |s P